Event management for the tourism and hospitality industries (Record no. 395640)

MARC details
000 -LEADER
fixed length control field 00529 a2200193 4500
005 - DATE & TIME
control field 20260401113112.0
008 - FIXED-LENGTH DATA ELEMENTS--GENERAL INFORMATION
fixed length control field 260324b |||||||| |||| 00| 0 eng d
020 ## - ISBN
International Standard Book Number 9780367649920
Price £ 39.99
040 ## - CATALOGING SOURCE
Original cataloging agency VIVEKANANDA LIBRARY
082 ## - DDC NUMBER
Classification number 647.94
Book Number K831E
100 ## - MAIN ENTRY--PERSONAL NAME
Personal name Kolb, Bonita M
245 ## - TITLE STATEMENT
Title Event management for the tourism and hospitality industries
260 ## - PUBLICATION, DISTRIBUTION, ETC. (IMPRINT)
Name of publisher, distributor, etc Routledge
Date of publication, distribution, etc 2022
Place of publication, distribution, etc New Delhi
300 ## - PHYSICAL DESCRIPTION
Pages viii, 164
650 ## - Subject
Subject Hotel Management
650 ## - Subject
Subject Family Management
650 ## - Subject
Subject Hospitality Industry
942 ## - ADDED ENTRY ELEMENTS (KOHA)
Koha item type Books
Holdings
Withdrawn status Lost status Source of classification or shelving scheme Damaged status Not for loan Location (home branch) Sublocation or collection (holding branch) Shelving location Date acquired Koha issues (times borrowed) Koha full call number Accession No. Koha date last seen Koha item type
    Dewey Decimal Classification     VIVEKANANDA LIBRARY VIVEKANANDA LIBRARY IHTM Library 21/01/2026   647.94 K831E 425201 21/01/2026 Books
© Designed and Maintained by Vivekananda Library, MDU Rohtak